000 01396pam a2200349 a 4500
001 4032482
003 OSt
005 20160425143018.0
008 980109s1999 maua b 001 0 eng
010 _a 98010720
020 _a0070683050 (acid-free paper)
020 _a0073038482 (computer disk)
020 _a0075618141 (text with EES problems disk)
020 _a007561815X (text with EES demo disk)
040 _aDLC
_cDLC
_dDLC
050 0 0 _aQC311
_b.W3 1999
082 0 0 _a530
_221
_bWAR 1999
100 1 _aWark, Kenneth,
_d1927-
_98238
245 1 0 _aThermodynamics /
_cKenneth Wark, Jr., Donald E. Richards.
250 _a6th ed.
260 _aBoston :
_bWCB McGraw-Hill,
_c1999.
300 _axix, 1164 p. :
_bill. ;
_c24 cm.
504 _aIncludes bibliographical references (p. 1025-1026) and index.
538 _aSystem requirements for accompanying computer disk: IBM PC or compatible; Windows 3.1 or higher.
650 0 _aThermodynamics.
_98239
700 1 _aRichards, Donald E.
_98240
856 4 2 _3Publisher description
_uhttp://www.loc.gov/catdir/description/mh024/98010720.html
856 4 1 _3Table of contents
_uhttp://www.loc.gov/catdir/toc/mh023/98010720.html
906 _a7
_bcbu
_corignew
_d1
_eocip
_f19
_gy-gencatlg
942 _2ddc
_cSLOAN
999 _c3731
_d3731